| 000 | 01025nam a2200241Ia 4500 | ||
|---|---|---|---|
| 999 |
_c37560 _d37560 |
||
| 001 | 3528 | ||
| 003 | GE_BSU | ||
| 005 | 20190621195228.0 | ||
| 008 | 181216s2011||||ge |||||||||||||| ||geo|| | ||
| 020 | _a9789941904486 | ||
| 040 | _cGE_BSU | ||
| 041 | _ageo | ||
| 080 | _a159.9(076) ნ–28 | ||
| 100 |
_aნარგიზიშვილი, მანანა _92772 |
||
| 245 |
_aპრაქტიკული ფსიქოლოგია : _bკრებული წ. 1 / _cმანანა ნარგიზიშვილი ; რედ. იათამზე კოტეტიშვილი |
||
| 250 | _aმე–2 გამოც. | ||
| 264 |
_aთბილისი : _bინოვაცია, _c2011. |
||
| 300 |
_a317გვ. ; _b20სმ. |
||
| 653 | _aფსიქოლოგია | ||
| 653 | _aპედაგოგიკური ფსიქოლოგია | ||
| 700 |
_aკოტეტიშვილი, იათამზე _eრედაქტორი _92773 |
||
| 942 |
_cBK _2udc |
||